| 000 | 00446nam a2200133Ia 4500 | ||
|---|---|---|---|
| 008 | 170221s9999 xx 000 0 und d | ||
| 245 | _aChildren's Facebook Usage: Parental Awareness, Attitudes and Behavior Asnat Dor, Dana Weimann-Saks | ||
| 260 | _bStudies in Media and Communication | ||
| 260 | _c2013 | ||
| 300 | _a1 : 1 | ||
| 650 | _xCommunication | ||
| 650 | _xMedia Arts | ||
| 856 | _uhttp://redfame.com/journal/index.php/smc/issue/view/3 | ||
| 999 |
_c307227 _d307227 |
||